MDQL
is popping MORE tags! Check the
thread
!
Quizzes
Events
Quiz Creation
Community
Videos
Private Events
Remove Ads
Sign In
Join for FREE
Feedback
Dark Mode
Quiz Categories
Sports
Geography
Music
Movies
Television
Just For Fun
Miscellaneous
History
Literature
Language
Science
Gaming
Entertainment
Religion
Holiday
For Kids
Quiz Lab
Recent
Popular Today
Quiz Kudos Today
Editor Picks
Curator Picks
Quizzes by...
Day
Popularity
Type
Ratings
Length
Year
Community
Subscriptions
Recent Discussions
Orange Saloon
Badges
Playlists
Quests
Create
Leaderboards
Showdown
Live 5
Trivia Bingo
Activity
Puzzle Library
Sporcle Events
Private Events
Virtual Trivia
Globe League
Become a Host
Pub Owners
SporcleCon
Opinionation
Our Games
Videos
Blog
Mobile Apps
Partnerships
Remove Ads and Go Orange
Feedback
Science
Computer
Plants
Astronomy
Chemistry
Elements
Math
Animal
Physics
Anatomy
Biology
Geology
General Science
Science
Computer
Plants
Astronomy
Chemistry
Elements
Math
Animal
Physics
Anatomy
Biology
Geology
General Science
Random Quiz
Search Sporcle
×
Quiz Lab
Quiz Lab
Science
fear
Type in answers that appear in a list
Type in answers that appear in a list
Classic
Best Score? Go Orange.
The Phobia Quiz Stats
Can you name these fears?
By
JQiscool
11m
19 Questions
39 Plays
39 Plays
39 Plays
Comments
Comments
Give Quiz Kudos
Give Quiz Kudos
-
- Ratings
hide this ad
Forced Order
Answers have to be entered in order
Answers have to be entered in order
Random Order
Randomize order of answers
Randomize order of answers
Replay
Link that replays current quiz
Next Quiz
Link to next quiz in quiz playlist
You Got
0%
They Got
Avg Score
54%
Avg Friend Score
Upgrade to see
Score Distribution
Jump to the score distribution portion of the page
Score
0/19
Timer
11:00
0
Plays Today
Phobia
Fear of...
% Correct
Zoophobia is the fear of what?
Animals
84.6%
Satanophobia is the fear of what?
Satan
84.6%
Thermophobia is the fear of what?
Heat
76.9%
Acrophobia is the fear of what?
Heights
71.8%
Telephonophobia is the fear of what?
Telephones
71.8%
Motorphobia is the fear of what?
Automobiles
69.2%
Heliophobia is the fear of what?
The sun
61.5%
Acousticophobia is the fear of what?
Noise
59%
Botanophobia is the fear of what?
Plants
59%
Microphobia is the fear of what?
Small things
56.4%
Phobia
Fear of...
% Correct
Verbophobia is the fear of what?
Words
53.8%
Chronophobia is the fear of what?
Time
53.8%
Coulrophobia is the fear of what?
Clowns
48.7%
Apiphobia is the fear of what?
Bees
41%
Pediophobia is the fear of what?
Dolls
33.3%
Gamophobia is the fear of what?
Marriage
28.2%
Aurophobia is the fear of what?
Gold
28.2%
Verminophobia is the fear of what?
Germs
25.6%
Scolionophobia is the fear of what?
School
23.1%
Quiz Playlist
Details
Report
Send in Message
Add To Playlist
Classic:
Type in answers that appear in a list
Forced Order:
Answers have to be entered in order
Random Order:
Randomize order of answers
Quiz Source
Last Updated: Feb 16, 2017
Quiz Scoreboard
CHALLENGE
Sign Up to Join the Scoreboard
Show All
Scores
Hide
Comments
May contain spoilers
Recently Published
1-10 Letter E Words III
by El_Dandy
Language
2m
Street Fighter Characters
by Artimus82
Gaming
60s
College Basketball Coaching Resumes
by pancakes188
Sports
9m
More to Explore
Quiz From the Vault
Featured Blog Post
Where Did the Easter Bunny Come From?
hide this ad
You Might Also Like...
Tags
fear
fearsome
phobia
Today's Top Quizzes in Science
Browse Science
hide this ad
Today's Top Quizzes in fear
Browse fear
Top Contributed Quizzes in Science
1
Quick Pick: Radians
2
The First 100 Digits of Pi
3
Quick Pick: 'CI-CJ' Animals
4
Elements In Images
5
perfect squares 1-25
6
One Thing in Common: Science
7
One Thing in Common: Science II
8
One Thing in Common: Animals
9
One Thing in Common: Science III
10
Order Up: Organs and Body Systems
Explore More
Trending Topics
Crossword
Disney
NBA
Marvel
Harry Potter
Anime
Kpop
Pokémon
The Office
Country
NFL
Soccer
WWE
Song
Puzzle
hide this ad
More By:
JQiscool
Quiz
Plays
Rating
Category
Featured
Created
ICarly Quiz
5,108
2.50
Television
Jan 1, 2010
The Awesome Slogan Quiz
2,883
2.77
Entertainment
Jan 2, 2010
Avatar (2009) quiz
1,668
1.88
Movies
Jan 1, 2010
Pointless Trivia
1,024
3.17
Miscellaneous
Dec 6, 2012
IQuit ICarly Characters
997
2.67
Television
Dec 11, 2009
Go to Creator's Profile
Score Distribution
Quiz Creator Spotlight
JQiscool
Follow
Send a Message
Quizzes Created
-
Created Quiz Play Count
-
More By This Creator
Popular Quizzes Today
1
Find the US States - No Outlines Minefield
2
Find the Countries of Europe - No Outlines Minefield
3
The Countries of the World
4
Find the US States
5
Risky Map Clicking: Biggest States A-Z
6
US States
7
Popular People in 1961
8
Movies - When Are They Set?
More Science Quizzes
Vowel-less Elements
Published
Trending Quizzes
Risky Map Clicking: Least Populous States A-Z
1-10 Letter G Words
USA Borders Longest to Shortest
1-10 Letter F Words
Countries of the World: 200 Million BC
Recently Updated
Leaping Animals
pecheneg
Reality TV Shows (A-Z)
bhenderson79
Rickey Henderson's Hall of Fame Teammates
pecheneg
Champions League XIs: Arsenal
pecheneg
Quick Pick: Celebrities in WWE's Hall of Fame
aduchscher
A-Z Keypad Blitz II
pecheneg
Multiple Oscar Actors
pecheneg
Mystery Phrase Blitz: Oscar 'Best Actors'
pecheneg
F. Scott Fitzgerald Novels
LTH
Pick 3 Villains
ddd62291
Trending Topics
Anime
Crossword
Disney
Marvel
NBA
Kpop
Harry Potter
NFL
Country
Song
Puzzle
Pokémon
Soccer
WWE
The Office
Your Account Isn't Verified!
In order to create a playlist on Sporcle, you need to verify the email address you used during registration. Go to your
Sporcle Settings
to finish the process.
Report this User
Report this user for behavior that violates our
Community Guidelines
.
Details:
Send Report
Go to the Sporcle.com Mobile Site →
Comments